Cinepanettoni - Statistics

Statistiche generali
  • Questo quiz è stato fatto 116 volte
  • Il punteggio medio è 16 su 26
Statistiche sulle risposte
Hint Risposta % Corretto
1983 Vacanze di Natale
97%
2002 Natale sul Nilo
91%
2003 Natale in India
87%
2005 Natale a Miami
86%
2006 Natale a New York
83%
2008 Natale a Rio
79%
1999 Vacanze di Natale 2000
78%
2007 Natale in crociera
73%
2010 Natale in Sudafrica
73%
1990 Vacanze di Natale '90
73%
1995 Vacanze di Natale '95
72%
2001 Merry Christmas
71%
1991 Vacanze di Natale '91
62%
2009 Natale a Beverly Hills
60%
2004 Christmas in Love
56%
2011 Vacanze di Natale a Cortina
56%
1998 Paparazzi
55%
1994 S.P.Q.R. - 2000 e ½ anni fa
54%
2000 Body Guards - Guardie del corpo
51%
1996 A spasso nel tempo
50%
1997 A spasso nel tempo - L'avventura continua
50%
2015 Vacanze ai Caraibi
37%
1992 Anni 90
36%
1984 Vacanze in America
35%
2020 In vacanza su Marte
24%
1993 Anni 90 - Parte II
18%
Nessun quiz corrispondente trovato
Distribuzione punteggi
Percentuale di utenti per punteggio
Percentile per numero di risposta
I tuoi punteggi nel tempo
Non hai fatto questo quiz